[Event "Schachfestival 2014 - Senioren"]
[Site "Woerishofen Bad"]
[Date "2014.03.21"]
[Round "1.48"]
[White "Neiss, Albrecht"]
[Black "Krotofil, Kurt"]
[Result "0-1"]
[WhiteElo "1633"]
[BlackElo "1914"]
[PlyCount "40"]
[EventDate "2014.03.21"]
[EventType "swiss"]
[EventCountry "GER"]
[WhiteTeam "SC Kirchseeon e.V."]
[BlackTeam "Niendorfer TSV 1919 SAbt"]
[WhiteTeamCountry "GER"]
[BlackTeamCountry "GER"]

1. d4 Nf6 2. c4 c5 3. d5 b5 4. b3 g6 5. Bb2 bxc4 6. bxc4 Bg7 7. e3 O-O 8. Bd3
d6 9. Nf3 Bg4 10. Nbd2 Qa5 11. O-O Na6 12. a3 Rfb8 13. Qc2 Rxb2 14. Qxb2 Ne4
15. Qb7 Rb8 16. Qxe7 Nxd2 17. Ng5 Rf8 18. Ra2 Nxf1 19. Kxf1 Qc3 20. Bc2 Qxc4+
0-1

[Event "Schachfestival 2014 - Senioren"]
[Site "Woerishofen Bad"]
[Date "2014.03.21"]
[Round "1.8"]
[White "Ofstad, Per"]
[Black "Weber, Gerhard"]
[Result "1-0"]
[WhiteElo "2164"]
[BlackElo "1880"]
[PlyCount "55"]
[EventDate "2014.03.21"]
[EventType "swiss"]
[EventCountry "GER"]
[WhiteTeam "Oslo Schakselskap"]
[BlackTeam "Schachclub Bayer Leverkusen e.V."]
[WhiteTeamCountry "NOR"]
[BlackTeamCountry "GER"]

1. e4 e5 2. Nf3 Nc6 3. Bb5 Nd4 4. Nxd4 exd4 5. O-O Bc5 6. d3 c6 7. Bc4 d5 8.
exd5 cxd5 9. Bb5+ Kf8 10. Ba4 Ne7 11. Qf3 h5 12. h3 Be6 13. Re1 Kg8 14. Bb3 a5
15. a3 a4 16. Ba2 Qd7 17. Bf4 Bd6 18. Nd2 Rc8 19. Rac1 Bxf4 20. Qxf4 Rh6 21.
Nf3 Rf6 22. Qxd4 Bxh3 23. Ne5 Qf5 24. Qh4 g5 25. Qg3 h4 26. Qxh3 Qxf2+ 27. Kh1
Rxc2 28. Ng4 1-0

[Event "Schachfestival 2014 - Senioren"]
[Site "Woerishofen Bad"]
[Date "2014.03.21"]
[Round "1.13"]
[White "Paulsen, Eckart"]
[Black "Mittermaier, Walter"]
[Result "1/2-1/2"]
[WhiteElo "1856"]
[BlackElo "2104"]
[PlyCount "27"]
[EventDate "2014.03.21"]
[EventType "swiss"]
[EventCountry "GER"]
[WhiteTeam "Post SV Neustadt"]
[BlackTeam "SAbt TSV Haunstetten"]
[WhiteTeamCountry "GER"]
[BlackTeamCountry "GER"]

1. d4 d5 2. Bf4 Nf6 3. e3 Bg4 4. Nf3 e6 5. c4 c6 6. Nc3 Bd6 7. Bxd6 Qxd6 8. Be2
Nbd7 9. cxd5 exd5 10. O-O O-O 11. Rc1 Rfe8 12. Re1 Ne4 13. Nxe4 dxe4 14. Nd2
1/2-1/2

[Event "Schachfestival 2014 - Senioren"]
[Site "Woerishofen Bad"]
[Date "2014.03.21"]
[Round "1.49"]
[White "Thieme, Wolfgang"]
[Black "Bretscher, Robert"]
[Result "1-0"]
[WhiteElo "1911"]
[BlackElo "1631"]
[PlyCount "35"]
[EventDate "2014.03.21"]
[EventType "swiss"]
[EventCountry "GER"]
[WhiteTeam "Schachclub Bayer Uerdingen 1923"]
[BlackTeam "Roche Basel"]
[WhiteTeamCountry "GER"]
[BlackTeamCountry "SUI"]

1. e4 e5 2. Bc4 Bc5 3. Nf3 Nc6 4. c3 Nf6 5. d4 exd4 6. cxd4 Bb4+ 7. Nc3 Nxe4 8.
O-O Bxc3 9. d5 Bb4 10. dxc6 bxc6 11. Qb3 Bd6 12. Bxf7+ Kf8 13. Bh5 g6 14. Bh6+
Ke8 15. Rfe1 gxh5 16. Rxe4+ Be7 17. Bg5 d5 18. Rxe7+ 1-0

[Event "Schachfestival 2014 - Senioren"]
[Site "Woerishofen Bad"]
[Date "2014.03.21"]
[Round "1.32"]
[White "Storkebaum, Karl Heinrich"]
[Black "Narr, Irmgard"]
[Result "1/2-1/2"]
[WhiteElo "1959"]
[BlackElo "1761"]
[PlyCount "153"]
[EventDate "2014.03.21"]
[EventType "swiss"]
[EventCountry "GER"]
[WhiteTeam "SAbt TEC Darmstadt"]
[BlackTeam "SC Mühlh.-R.Nürnberg"]
[WhiteTeamCountry "GER"]
[BlackTeamCountry "GER"]

1. d4 Nf6 2. c4 b6 3. Nc3 Bb7 4. e3 e6 5. Bd3 Bxg2 6. f3 Bxh1 7. Kf1 Bd6 8. Qd2
Nc6 9. Qf2 Nb4 10. Bb1 c6 11. Nce2 Qc7 12. Ng3 Bxg3 13. hxg3 Nh5 14. Ne2 f5 15.
Kg1 Bxf3 16. Qxf3 Nf6 17. a3 Na6 18. Bd3 O-O 19. b4 Rac8 20. Bb2 Qd8 21. Kg2
Ng4 22. Rh1 Qg5 23. Nf4 Nc7 24. Rh5 Qf6 25. Rh1 b5 26. Ba1 Qg5 27. Rh5 Qe7 28.
Bb2 bxc4 29. Bxc4 Nd5 30. Bc1 Ndf6 31. Rh1 Ne4 32. Nd3 d5 33. Bb3 Rb8 34. Ba4
Qd6 35. Qf4 Qd7 36. Ne5 Nxe5 37. Qxe5 Nc3 38. Bc2 Rbc8 39. Bd2 Nb5 40. a4 Na3
41. Bd3 Nc4 42. Bxc4 dxc4 43. Rc1 Qd5+ 44. Kf2 Rf6 45. Qf4 Rh6 46. e4 Qxd4+ 47.
Be3 Qb2+ 48. Kf3 fxe4+ 49. Kxe4 Qg2+ 50. Qf3 Qxf3+ 51. Kxf3 Rf6+ 52. Ke4 a6 53.
Rxc4 Rf5 54. Bc5 Kf7 55. Rc2 g6 56. Rg2 h5 57. g4 hxg4 58. Rxg4 Rd8 59. Rh4 Rh5
60. Rf4+ Rf5 61. Rh4 Rg8 62. Rh7+ Rg7 63. Rh8 Rxc5 64. bxc5 g5 65. Kf3 Kf6 66.
Ra8 Ke5 67. Rxa6 Kd5 68. Ra8 Kxc5 69. a5 g4+ 70. Kg3 e5 71. a6 Kb6 72. Re8 Rg5
73. Re6 Kxa6 74. Rxc6+ Kb5 75. Rc8 e4 76. Re8 Kc4 77. Rxe4+ 1/2-1/2

[Event "Schachfestival 2014 - Senioren"]
[Site "Woerishofen Bad"]
[Date "2014.03.21"]
[Round "1.16"]
[White "Schmidt, Wolfgang"]
[Black "Niedermaier, Peter"]
[Result "1-0"]
[WhiteElo "2080"]
[BlackElo "1844"]
[PlyCount "29"]
[EventDate "2014.03.21"]
[EventType "swiss"]
[EventCountry "GER"]
[WhiteTeam "SC Emmendingen 1937 e.V."]
[BlackTeam "SU Ebersberg-Grafing"]
[WhiteTeamCountry "GER"]
[BlackTeamCountry "GER"]

1. e4 c5 2. Nf3 Nc6 3. d4 cxd4 4. Nxd4 d6 5. Nc3 Nf6 6. Bc4 g6 7. Nxc6 bxc6 8.
e5 Nh5 9. Qf3 d5 10. Nxd5 cxd5 11. Bxd5 Qa5+ 12. Bd2 Qc7 13. Bxf7+ Kd8 14. Qd5+
Qd7 15. Ba5# 1-0

[Event "Schachfestival 2014 - Senioren"]
[Site "Woerishofen Bad"]
[Date "2014.03.21"]
[Round "1.5"]
[White "Hager, Eberhard"]
[Black "Neese, Hans Joachim"]
[Result "0-1"]
[WhiteElo "1882"]
[BlackElo "2172"]
[PlyCount "90"]
[EventDate "2014.03.21"]
[EventType "swiss"]
[EventCountry "GER"]
[WhiteTeam "SC Friedberg im Gehörl. Sportver"]
[BlackTeam "Schachverein Hennef 1927 e.V."]
[WhiteTeamCountry "GER"]
[BlackTeamCountry "GER"]

1. e4 c5 2. Nf3 d6 3. d4 cxd4 4. Nxd4 Nf6 5. Nc3 a6 6. Bd3 Nbd7 7. O-O e6 8.
Kh1 b5 9. a3 Bb7 10. f3 Rc8 11. Be3 Qc7 12. Qe1 Ne5 13. Qf2 Be7 14. Nb3 O-O 15.
Rac1 Nfd7 16. Qg3 Bf6 17. Bg5 Nc4 18. Bxf6 Nxf6 19. Bxc4 bxc4 20. Nd2 Nh5 21.
Qf2 Nf4 22. Qe3 d5 23. b3 Rfd8 24. exd5 exd5 25. Ne2 Nxe2 26. Qxe2 c3 27. Nb1
d4 28. Rcd1 a5 29. Rc1 Qb6 30. Rfe1 Bd5 31. Qd3 Be6 32. Re5 Rc5 33. Rce1 g6 34.
g4 Qc6 35. R5e4 Rcd5 36. a4 Qc5 37. Kg2 Kg7 38. h3 Qd6 39. R1e2 Bc8 40. Re8
Rxe8 41. Rxe8 Be6 42. Ra8 Qf4 43. Na3 Qd2+ 44. Kg3 Re5 45. Rd8 Qe1+ 0-1

[Event "Schachfestival 2014 - Senioren"]
[Site "Woerishofen Bad"]
[Date "2014.03.21"]
[Round "1.40"]
[White "Koppenhoefer, Heinz"]
[Black "Reimann, Guenther"]
[Result "0-1"]
[WhiteElo "1710"]
[BlackElo "1929"]
[PlyCount "152"]
[EventDate "2014.03.21"]
[EventType "swiss"]
[EventCountry "GER"]
[WhiteTeam "TSV Solln Schachabteilung"]
[BlackTeam "SC Magstadt"]
[WhiteTeamCountry "GER"]
[BlackTeamCountry "GER"]

1. e4 e6 2. d4 d5 3. Nc3 Nf6 4. e5 Nfd7 5. a3 c5 6. Nf3 cxd4 7. Qxd4 Nc6 8. Qg4
a6 9. Be3 Ndxe5 10. Nxe5 Nxe5 11. Qd4 Nc6 12. Qa4 Bd7 13. O-O-O b5 14. Qb3 b4
15. axb4 Nxb4 16. Bd4 Rb8 17. Nb1 Nc6 18. Qg3 Nxd4 19. Rxd4 Qb6 20. b3 Rc8 21.
Rd3 f6 22. f4 Kf7 23. Rc3 Bd6 24. Rxc8 Rxc8 25. Be2 Qc7 26. Qd3 Bxf4+ 27. Kd1
g6 28. g3 Be5 29. Rf1 Kg7 30. Nd2 Bb5 31. c4 dxc4 32. bxc4 Rd8 33. Qc2 Bc6 34.
Bf3 Bxf3+ 35. Rxf3 Qc6 36. Ke2 Rb8 37. Nb3 Rc8 38. Na5 Qb6 39. Nb3 a5 40. Rd3
Rc7 41. c5 Qb5 42. Kf3 a4 43. Nd4 Bxd4 44. Rxd4 Qb3+ 45. Qxb3 axb3 46. Rb4 Rxc5
47. Rxb3 h5 48. h4 Rc6 49. Ke4 Rc4+ 50. Kd3 Rg4 51. Ke2 Kh6 52. Kf2 g5 53. Rb6
Re4 54. Kf3 f5 55. hxg5+ Kxg5 56. Rb8 h4 57. Rg8+ Kf6 58. Rh8 hxg3 59. Kxg3 Ke5
60. Rh6 Rc4 61. Kf3 Rc3+ 62. Kf2 Kd5 63. Rf6 Ke5 64. Rf8 Kf4 65. Rd8 Rc2+ 66.
Ke1 e5 67. Rd3 e4 68. Ra3 Rh2 69. Kf1 e3 70. Kg1 Rb2 71. Kf1 Kf3 72. Ra1 f4 73.
Rc1 Kg3 74. Re1 e2+ 75. Rxe2 Rxe2 76. Kxe2 Kg2 0-1

[Event "Schachfestival 2014 - Senioren"]
[Site "Woerishofen Bad"]
[Date "2014.03.21"]
[Round "1.41"]
[White "Klein, Reinhard"]
[Black "Aufmwasser, Guenter"]
[Result "1-0"]
[WhiteElo "1927"]
[BlackElo "1704"]
[PlyCount "117"]
[EventDate "2014.03.21"]
[EventType "swiss"]
[EventCountry "GER"]
[WhiteTeam "SC Roter Turm Altstadt"]
[BlackTeam "Schachverein 1922 Hilden"]
[WhiteTeamCountry "GER"]
[BlackTeamCountry "GER"]

1. d4 Nf6 2. Nf3 g6 3. Nc3 Bg7 4. e4 d6 5. Be2 O-O 6. h3 Nbd7 7. Bf4 Ne8 8. Qd2
Nb6 9. Rd1 Be6 10. d5 Bd7 11. O-O e6 12. dxe6 Bxe6 13. b3 a6 14. a4 f6 15. a5
Nd7 16. Nd4 Bf7 17. Bg4 Kh8 18. Ne6 Bxe6 19. Bxe6 Ne5 20. b4 g5 21. Be3 Bh6 22.
h4 Qe7 23. Bb3 Qg7 24. f4 gxf4 25. Bxf4 Bxf4 26. Qxf4 Ng6 27. Qg3 Ne7 28. Rf3
f5 29. Qxg7+ Nxg7 30. Rdf1 Nc6 31. Ne2 Rae8 32. Ng3 Nd4 33. Rc3 Nxb3 34. cxb3
f4 35. Rcf3 Ne6 36. Ne2 b6 37. axb6 cxb6 38. Nxf4 Nxf4 39. Rxf4 Rxf4 40. Rxf4
Kg7 41. Kf2 Re5 42. Ke3 Rb5 43. Kd4 a5 44. bxa5 bxa5 45. Rf3 a4 46. bxa4 Rb4+
47. Kd5 Rxa4 48. g4 h6 49. Rf4 Ra6 50. Ke6 Kh7 51. h5 Kg7 52. Rf7+ Kg8 53. Rd7
Ra4 54. Kd5 Ra5+ 55. Kxd6 Rg5 56. e5 Rxg4 57. e6 Kf8 58. Rd8+ Kg7 59. e7 1-0

[Event "Schachfestival 2014 - Senioren"]
[Site "Woerishofen Bad"]
[Date "2014.03.21"]
[Round "1.42"]
[White "Stratmann, Dietrich"]
[Black "Krase, Peter Axel"]
[Result "0-1"]
[WhiteElo "1697"]
[BlackElo "1927"]
[PlyCount "126"]
[EventDate "2014.03.21"]
[EventType "swiss"]
[EventCountry "GER"]
[WhiteTeam "SC Schwarz-Weiss Northeim"]
[BlackTeam "TSV Kareth-Lappersdorf"]
[WhiteTeamCountry "GER"]
[BlackTeamCountry "GER"]

1. d4 Nf6 2. Nf3 g6 3. e3 Bg7 4. c4 d6 5. Nc3 Nbd7 6. Be2 O-O 7. O-O Re8 8. b4
c5 9. Ba3 cxb4 10. Bxb4 a5 11. Ba3 b6 12. Rb1 Ba6 13. Nd5 Rc8 14. Nxf6+ Nxf6
15. Nd2 Nd7 16. Qb3 d5 17. Rfc1 e5 18. Bf1 exd4 19. cxd5 Bxf1 20. Nxf1 dxe3 21.
Nxe3 Bd4 22. Rxc8 Qxc8 23. Qd3 Bc5 24. Bxc5 Qxc5 25. Qc4 Rc8 26. Rc1 b5 27.
Qxc5 Rxc5 28. Rxc5 Nxc5 29. a3 b4 30. axb4 axb4 31. Nc4 b3 32. Na3 Kf8 33. Kf1
Na4 34. Nb1 Ke7 35. Ke2 Kd6 36. Kd3 Kxd5 37. f3 h5 38. g3 g5 39. h3 f5 40. g4
fxg4 41. fxg4 hxg4 42. hxg4 Nc5+ 43. Kc3 Ne4+ 44. Kxb3 Ke5 45. Kc2 Kf4 46. Kd1
Kxg4 47. Ke1 Kh3 48. Kf1 Kh2 49. Na3 g4 50. Nc4 Ng3+ 51. Kf2 Ne4+ 52. Ke2 g3
53. Ne5 Nc3+ 54. Kd3 Nd5 55. Nf3+ Kg2 56. Ne1+ Kf2 57. Kd2 Kf1 58. Kd1 Kf2 59.
Nd3+ Kf1 60. Ne1 Ne3+ 61. Kd2 Nc4+ 62. Kd1 Ne5 63. Kd2 Kf2 0-1

[Event "Schachfestival 2014 - Senioren"]
[Site "Woerishofen Bad"]
[Date "2014.03.21"]
[Round "1.3"]
[White "Blutharsch, Walter"]
[Black "Lainburg, Viktor"]
[Result "1-0"]
[WhiteElo "1882"]
[BlackElo "2188"]
[PlyCount "77"]
[EventDate "2014.03.21"]
[EventType "swiss"]
[EventCountry "GER"]
[WhiteTeam "VfL Sindelfingen"]
[BlackTeam "SC Weisse Dame Ulm e.V."]
[WhiteTeamCountry "GER"]
[BlackTeamCountry "GER"]

1. e4 Nf6 2. Nc3 e5 3. Nf3 Nc6 4. Be2 Bc5 5. d3 h6 6. O-O d6 7. Na4 Bb6 8. c3
Bg4 9. Qc2 Qd7 10. Nxb6 axb6 11. Be3 O-O 12. Rfd1 Rae8 13. Ne1 Bxe2 14. Qxe2 d5
15. f3 Nh5 16. Kh1 Qe6 17. Qf2 Nf4 18. g4 Rd8 19. Ng2 g5 20. Bxf4 exf4 21. Ne1
dxe4 22. fxe4 Qxg4 23. Nf3 Rfe8 24. Rd2 Ne5 25. Nxe5 Rxe5 26. Rg1 Qe6 27. Qxf4
f6 28. Qf2 f5 29. Rgd1 fxe4 30. dxe4 Rxd2 31. Qxd2 Kg7 32. Qd4 Kg6 33. Re1 c5
34. Qa4 c4 35. Qc2 Qf6 36. Qd1 Qc6 37. Qf3 Qf6 38. Qe2 b5 39. Rf1 1-0

[Event "Schachfestival 2014 - Senioren"]
[Site "Woerishofen Bad"]
[Date "2014.03.21"]
[Round "1.35"]
[White "Schmidt, Eugen"]
[Black "Thiel, Harry"]
[Result "1-0"]
[WhiteElo "1958"]
[BlackElo "1752"]
[PlyCount "91"]
[EventDate "2014.03.21"]
[EventType "swiss"]
[EventCountry "GER"]
[WhiteTeam "SF Oos e.V."]
[BlackTeam "Schachpinguine Berlin e.V."]
[WhiteTeamCountry "GER"]
[BlackTeamCountry "GER"]

1. e4 e5 2. Nf3 Nc6 3. Bb5 a6 4. Ba4 Nf6 5. O-O b5 6. Bb3 Be7 7. Re1 O-O 8. c3
d6 9. h3 Be6 10. Bc2 h6 11. d4 exd4 12. cxd4 d5 13. e5 Nd7 14. Nbd2 Nb4 15. Bb1
c5 16. a3 Nc6 17. Nf1 c4 18. Qc2 g6 19. Bxh6 Kh7 20. Bxf8 Qxf8 21. Ng3 Qh6 22.
Qc1 Qxc1 23. Rxc1 Na5 24. Bc2 Kg7 25. Rf1 Rh8 26. Rad1 Rc8 27. Ne2 Nf8 28. Nh2
Nh7 29. f4 f5 30. exf6+ Nxf6 31. f5 Bf7 32. fxg6 Bxg6 33. Bxg6 Kxg6 34. Nf4+
Kg7 35. Rde1 Nc6 36. Ne6+ Kg6 37. Nf3 Ne4 38. Ne5+ Nxe5 39. dxe5 Rc6 40. Nf4+
Kf5 41. Nxd5+ Kxe5 42. Nxe7 Re6 43. Rf5+ Kd6 44. Ng8 Ng3 45. Rxe6+ Kxe6 46.
Rf6+ 1-0

[Event "Schachfestival 2014 - Senioren"]
[Site "Woerishofen Bad"]
[Date "2014.03.21"]
[Round "1.10"]
[White "Rahn, Oskar"]
[Black "Kuenstler, Siegfried"]
[Result "1-0"]
[WhiteElo "2123"]
[BlackElo "1873"]
[PlyCount "95"]
[EventDate "2014.03.21"]
[EventType "swiss"]
[EventCountry "GER"]
[WhiteTeam "SK Frankenthal"]
[BlackTeam "SF Ravensburg"]
[WhiteTeamCountry "GER"]
[BlackTeamCountry "GER"]

1. e4 d5 2. exd5 Qxd5 3. Nc3 Qd8 4. Bc4 Nf6 5. Nf3 e6 6. d4 b6 7. Qe2 Be7 8.
Bf4 O-O 9. O-O Bb7 10. Rad1 Bd6 11. Be5 Re8 12. Rfe1 Nc6 13. a3 Qe7 14. Bd3
Rad8 15. Qe3 Nb8 16. Ng5 h6 17. Nge4 Nbd7 18. Qg3 Bxe5 19. dxe5 Nxe4 20. Nxe4
Nc5 21. Nf6+ Kf8 22. Nxe8 Qxe8 23. b4 Nxd3 24. Rxd3 Bd5 25. Qh4 b5 26. Qd4 Ra8
27. Qc5+ Qe7 28. Qxe7+ Kxe7 29. Rc3 c6 30. f4 a5 31. Rb1 axb4 32. Rxb4 f5 33.
exf6+ Kxf6 34. a4 bxa4 35. Ra3 g5 36. Raxa4 Rxa4 37. Rxa4 Kf5 38. g3 g4 39. c4
Bf3 40. Ra5+ Kg6 41. Re5 Kf6 42. Kf2 Bd1 43. Ke3 Bf3 44. Kd4 Bg2 45. Kc5 Bf1
46. Re3 Kf5 47. Re1 Bg2 48. Kd6 1-0

[Event "Schachfestival 2014 - Senioren"]
[Site "Woerishofen Bad"]
[Date "2014.03.21"]
[Round "1.51"]
[White "Huhn, Ulrich"]
[Black "Mittenzwei, Ingo"]
[Result "1-0"]
[WhiteElo "1908"]
[BlackElo "1598"]
[PlyCount "79"]
[EventDate "2014.03.21"]
[EventType "swiss"]
[EventCountry "GER"]
[WhiteTeam "SF Siemensstadt"]
[BlackTeam "Schachklub Sülz-Klettenberg"]
[WhiteTeamCountry "GER"]
[BlackTeamCountry "GER"]

1. d4 Nf6 2. Nc3 e6 3. Bg5 d5 4. e4 dxe4 5. Nxe4 Be7 6. Nxf6+ Bxf6 7. Bxf6 Qxf6
8. Bd3 Nc6 9. Nf3 O-O 10. O-O b6 11. Be4 Bb7 12. Ne5 Nxe5 13. dxe5 Rad8 14.
exf6 Rxd1 15. Bxb7 Rxa1 16. Rxa1 gxf6 17. Rd1 Re8 18. Bc6 Re7 19. Rd7 Kf8 20.
Kf1 Rxd7 21. Bxd7 Ke7 22. Bb5 f5 23. Ke2 Kd6 24. Ke3 e5 25. f3 f6 26. Bd3 Ke6
27. g4 fxg4 28. fxg4 h6 29. Bc4+ Ke7 30. Ke4 Kf8 31. Kf5 Kg7 32. h4 c6 33. h5
b5 34. Be6 c5 35. Bd7 b4 36. Be6 a6 37. Bd5 a5 38. Bb3 Kf8 39. Bd5 Kg7 40. b3
1-0

[Event "Schachfestival 2014 - Senioren"]
[Site "Woerishofen Bad"]
[Date "2014.03.21"]
[Round "1.1"]
[White "Reinke, Kurt"]
[Black "Baum, Bernd"]
[Result "0-1"]
[WhiteElo "1884"]
[BlackElo "2302"]
[PlyCount "82"]
[EventDate "2014.03.21"]
[EventType "swiss"]
[EventCountry "GER"]
[WhiteTeam "SG Benrath"]
[BlackTeam "SV Empor Erfurt"]
[WhiteTeamCountry "GER"]
[BlackTeamCountry "GER"]

1. d4 Nf6 2. c4 c6 3. Nf3 d5 4. Nc3 e6 5. Bg5 Nbd7 6. e3 Qa5 7. Nd2 Ne4 8.
Ndxe4 dxe4 9. Bh4 Bb4 10. Qc2 O-O 11. Rc1 f5 12. a3 Bxc3+ 13. Qxc3 Qxc3+ 14.
Rxc3 e5 15. Be7 Re8 16. Bd6 exd4 17. exd4 Nf6 18. Be2 Be6 19. h3 Rad8 20. c5
Nd5 21. Rc1 b5 22. O-O Bf7 23. Be5 Ne7 24. a4 a6 25. axb5 axb5 26. Ra1 Ra8 27.
g4 Be6 28. Bd6 Nd5 29. gxf5 Bxf5 30. Bg4 Bxg4 31. hxg4 Nb4 32. Rxa8 Rxa8 33.
Re1 Re8 34. Be5 Nd3 35. Rxe4 Nxb2 36. f4 Nc4 37. Re2 Ra8 38. Bd6 b4 39. Re7 b3
40. Be5 Nxe5 41. Rb7 Nf3+ 0-1

[Event "Schachfestival 2014 - Senioren"]
[Site "Woerishofen Bad"]
[Date "2014.03.21"]
[Round "1.33"]
[White "Wagner, Gerhard"]
[Black "Bauder, Herbert"]
[Result "1/2-1/2"]
[WhiteElo "1795"]
[BlackElo "1961"]
[PlyCount "63"]
[EventDate "2014.03.21"]
[EventType "swiss"]
[EventCountry "GER"]
[WhiteTeam "Sportfr.Windach e.V.1923"]
[BlackTeam "SG Lasker Steglitz-Wilmersdorf"]
[WhiteTeamCountry "GER"]
[BlackTeamCountry "GER"]

1. e4 c5 2. d4 cxd4 3. c3 dxc3 4. Nxc3 a6 5. Bc4 e6 6. Nf3 Ne7 7. O-O b5 8. Bb3
Ng6 9. Qe2 Be7 10. Rd1 Bb7 11. Be3 O-O 12. Rac1 Nc6 13. a3 Rc8 14. Qd2 Na5 15.
Ba2 d6 16. Qe2 Nc4 17. Nd4 Qd7 18. Nf3 Nxe3 19. Qxe3 Rfd8 20. Bb1 Qe8 21. Nd4
h6 22. Nf3 Ne5 23. Ba2 Nxf3+ 24. Qxf3 Bg5 25. Rc2 a5 26. b4 a4 27. Qe2 Qc6 28.
Bb1 Qc4 29. Nxb5 Qxe2 30. Rxe2 Ba6 31. Bd3 d5 32. e5 1/2-1/2

[Event "Schachfestival 2014 - Senioren"]
[Site "Woerishofen Bad"]
[Date "2014.03.21"]
[Round "1.22"]
[White "Engbrecht, Helmut"]
[Black "Oser, Thor"]
[Result "1/2-1/2"]
[WhiteElo "2037"]
[BlackElo "1820"]
[PlyCount "86"]
[EventDate "2014.03.21"]
[EventType "swiss"]
[EventCountry "GER"]
[WhiteTeam "SV Schorndorf"]
[BlackTeam "SK 1929 Jöhlingen"]
[WhiteTeamCountry "GER"]
[BlackTeamCountry "GER"]

1. e4 c5 2. Nc3 e6 3. Nf3 Nc6 4. Bb5 Nge7 5. d3 a6 6. Ba4 b5 7. Bb3 Na5 8. Bg5
Bb7 9. Qe2 Nxb3 10. axb3 Qc7 11. Bxe7 Bxe7 12. O-O O-O 13. e5 f6 14. exf6 Bxf6
15. Nd2 b4 16. Nd1 Be5 17. h3 Bd4 18. c3 Bf6 19. Nc4 a5 20. Qg4 Bc6 21. Qg3
Qxg3 22. fxg3 a4 23. bxa4 Rxa4 24. Rxa4 Bxa4 25. Nce3 Ra8 26. Kf2 d5 27. Ke2 d4
28. cxd4 Bxd4 29. Nc4 Bc6 30. Nde3 Ra2 31. Rb1 Kf7 32. g4 Ke7 33. g3 Ba4 34.
Kd2 b3 35. Nd1 Bc6 36. Nc3 Ra8 37. Ke2 g5 38. Nd2 Rb8 39. Nde4 h6 40. h4 Bxe4
41. Nxe4 gxh4 42. gxh4 Ra8 43. Nd2 Rb8 1/2-1/2

[Event "Schachfestival 2014 - Senioren"]
[Site "Woerishofen Bad"]
[Date "2014.03.21"]
[Round "1.19"]
[White "Dombrowe, Eckehard"]
[Black "Seyffer, Guenther"]
[Result "1/2-1/2"]
[WhiteElo "1828"]
[BlackElo "2054"]
[PlyCount "59"]
[EventDate "2014.03.21"]
[EventType "swiss"]
[EventCountry "GER"]
[WhiteTeam "Schachgemeinschaft Nettetal 1929"]
[BlackTeam "SK 1929 Jöhlingen"]
[WhiteTeamCountry "GER"]
[BlackTeamCountry "GER"]

1. d4 c5 2. e3 e6 3. Nf3 Nf6 4. Be2 b6 5. c4 Bb7 6. Nc3 cxd4 7. Qxd4 Nc6 8. Qd1
a6 9. O-O Qc7 10. b3 Be7 11. Bb2 O-O 12. Qc2 Nb4 13. Qc1 Rac8 14. Rd1 Ng4 15.
h3 Bxf3 16. Bxf3 Qh2+ 17. Kf1 Ne5 18. Ke2 Nxf3 19. gxf3 d5 20. a3 Bh4 21. Rf1
d4 22. axb4 dxc3 23. Bxc3 b5 24. c5 Rfd8 25. Qe1 Qxh3 26. Rh1 Qf5 27. e4 Qf4
28. Bd2 Qf6 29. Bc3 e5 30. Qg1 1/2-1/2

[Event "Schachfestival 2014 - Senioren"]
[Site "Woerishofen Bad"]
[Date "2014.03.21"]
[Round "1.11"]
[White "Klimpel, Siegfried"]
[Black "Villing, Dieter"]
[Result "1/2-1/2"]
[WhiteElo "1860"]
[BlackElo "2117"]
[PlyCount "59"]
[EventDate "2014.03.21"]
[EventType "swiss"]
[EventCountry "GER"]
[WhiteTeam "TSV Kareth-Lappersdorf"]
[BlackTeam "SK 1962 Ladenburg"]
[WhiteTeamCountry "GER"]
[BlackTeamCountry "GER"]

1. e4 c5 2. Nc3 g6 3. f4 Bg7 4. Nf3 Nc6 5. Bb5 Nd4 6. O-O Nxb5 7. Nxb5 a6 8.
Nc3 b5 9. d3 Bb7 10. Rb1 e6 11. Qe1 Ne7 12. Qh4 Nc6 13. Qxd8+ Rxd8 14. Be3 Nd4
15. Bxd4 cxd4 16. Ne2 d5 17. e5 f6 18. Nexd4 Ke7 19. Rbe1 fxe5 20. Nxe5 Rd6 21.
Nef3 Rf8 22. Ne5 Kd8 23. g3 Kc7 24. Re2 Bc8 25. c3 Rdd8 26. Rfe1 Rde8 27. Kg2
Kd6 28. Kg1 Rf6 29. Ng4 Rff8 30. Ne5 1/2-1/2

[Event "Schachfestival 2014 - Senioren"]
[Site "Woerishofen Bad"]
[Date "2014.03.21"]
[Round "1.52"]
[White "Hartlaub, Marianne"]
[Black "Zwetz, Anita"]
[Result "0-1"]
[WhiteElo "1596"]
[BlackElo "1897"]
[PlyCount "92"]
[EventDate "2014.03.21"]
[EventType "swiss"]
[EventCountry "GER"]
[WhiteTeam "SK 1982 Klingenberg/Main"]
[BlackTeam "TSV Kareth-Lappersdorf"]
[WhiteTeamCountry "GER"]
[BlackTeamCountry "GER"]

1. Nf3 d5 2. c4 e6 3. g3 Nf6 4. Bg2 Bd6 5. O-O Nbd7 6. cxd5 exd5 7. d4 O-O 8.
Nc3 c6 9. Re1 Re8 10. a3 h6 11. b4 a6 12. Bb2 Nb6 13. Nd2 Bg4 14. h3 Bf5 15.
Rc1 Bc7 16. a4 Qd7 17. Kh2 Ne4 18. Ncxe4 dxe4 19. e3 Nd5 20. Ba3 Re6 21. Nb3
Rg6 22. Nc5 Qe7 23. f4 exf3 24. Qxf3 Rxg3 25. Qxg3 Bxg3+ 26. Kxg3 Qg5+ 27. Kh2
Nxe3 28. Re2 Nxg2 29. Rxg2 Qf4+ 30. Kg1 Qe3+ 31. Rf2 Qg3+ 32. Rg2 Qxa3 33. Rd1
Bxh3 34. Rd3 Qc1+ 35. Kh2 Bxg2 36. Kxg2 Qb2+ 37. Kf3 Qxb4 38. Ke3 Re8+ 39. Kf4
b6 40. Nxa6 Qd6+ 41. Kf3 Qf6+ 42. Kg3 Qg5+ 43. Kf2 Qf5+ 44. Rf3 Qc2+ 45. Kg3
Re2 46. Nb4 Qg6+ 0-1

[Event "Schachfestival 2014 - Senioren"]
[Site "Woerishofen Bad"]
[Date "2014.03.21"]
[Round "1.50"]
[White "Buss, Richard"]
[Black "Abegg, Beat"]
[Result "0-1"]
[WhiteElo "1628"]
[BlackElo "1910"]
[PlyCount "84"]
[EventDate "2014.03.21"]
[EventType "swiss"]
[EventCountry "GER"]
[WhiteTeam "VfR Heisfelde e.V."]
[BlackTeam "SK Altdorf"]
[WhiteTeamCountry "GER"]
[BlackTeamCountry "GER"]

1. e4 c6 2. d4 d5 3. e5 c5 4. c3 Nc6 5. Nf3 Bg4 6. Be2 e6 7. Be3 Qb6 8. dxc5
Bxc5 9. Bxc5 Qxc5 10. Nbd2 Nge7 11. Nb3 Qb6 12. Nfd4 Bxe2 13. Qxe2 O-O 14. O-O
Ng6 15. f4 Nge7 16. Kh1 Nxd4 17. Nxd4 a6 18. Rf3 Nc6 19. Nxc6 Qxc6 20. Raf1 g6
21. h4 Qc4 22. Qxc4 dxc4 23. Rd1 Rad8 24. Rd4 Rxd4 25. cxd4 Rd8 26. Rf2 Rxd4
27. Kh2 b5 28. g3 a5 29. Kh3 h5 30. a3 b4 31. axb4 axb4 32. Rc2 Kf8 33. Rf2 Ke7
34. Re2 Kd7 35. Rc2 Kc6 36. b3 c3 37. Rc1 Kd5 38. Kg2 Rd2+ 39. Kh3 Kd4 40. g4
c2 41. gxh5 gxh5 42. Kg3 Kc3 0-1

[Event "Schachfestival 2014 - Senioren"]
[Site "Woerishofen Bad"]
[Date "2014.03.21"]
[Round "1.58"]
[White "Taufratshofer, Martin"]
[Black "Scholtyssek, Werner"]
[Result "1-0"]
[WhiteElo "1990"]
[BlackElo "1799"]
[PlyCount "65"]
[EventDate "2014.03.21"]
[EventType "swiss"]
[EventCountry "GER"]
[WhiteTeam "SK Obergünzburg"]
[BlackTeam "SK Blankenloch 1947 e.V."]
[WhiteTeamCountry "GER"]
[BlackTeamCountry "GER"]

1. e4 e6 2. d4 d5 3. Nc3 Bb4 4. Qd3 Bxc3+ 5. bxc3 Bd7 6. e5 a6 7. Qg3 g6 8. Bg5
f6 9. exf6 Kf7 10. Nf3 Nc6 11. Bd3 Rc8 12. Ne5+ Nxe5 13. dxe5 Qf8 14. h4 Bb5
15. h5 Bxd3 16. Qxd3 gxh5 17. Rxh5 h6 18. Ke2 Qc5 19. Qg3 Qc4+ 20. Ke1 Qe4+ 21.
Be3 Qg6 22. Rh3 Rh7 23. Kd2 c5 24. Rah1 d4 25. Qxg6+ Kxg6 26. cxd4 cxd4 27.
Bxd4 Rcc7 28. Rg3+ Kf7 29. Be3 Rd7+ 30. Kc1 h5 31. Rg5 h4 32. Rg4 Rh5 33. Rg7+
1-0